[Event "Gibraltar ChallWk2 13th"]
[Site "Gibraltar"]
[Date "2015.02.01"]
[Round "2.5"]
[White "Dasaolu, Rotimi"]
[Black "Ibarra Jerez, Juan Miguel"]
[Result "0-1"]
[WhiteElo "2053"]
[BlackElo "2238"]
[PlyCount "122"]
[EventDate "2015.01.31"]
[EventType "swiss"]
[EventRounds "5"]
[EventCountry "GGB"]
[SourceTitle "BritBase"]
[Source "www.saund.co.uk"]
[SourceDate "2018.02.10"]
[SourceVersion "1"]
[SourceVersionDate "2018.02.10"]
[SourceQuality "1"]
[TimeControl "7200+2500"]
[WhiteClock "0:01:59"]
[BlackClock "0:39:45"]

1. e4 c5 2. Nf3 e6 3. Nc3 Qb6 4. b3 Nc6 5. Bb2 Nf6 6. e5 Nd5 7. Ne4 Be7 8. g3
O-O 9. Bg2 f5 10. exf6 Nxf6 11. d3 d5 12. Nxf6+ Bxf6 13. Bxf6 gxf6 14. Nd2 Qd8
15. O-O e5 16. Qh5 Be6 17. f4 Qd7 18. Rae1 Kh8 19. fxe5 fxe5 20. Qh6 Rxf1+ 21.
Rxf1 Qe7 22. c4 Nb4 23. a3 Nxd3 24. cxd5 Bg8 25. Be4 c4 26. d6 Qg7 27. Qxg7+
Kxg7 28. bxc4 Nc5 29. Rf5 Re8 30. d7 Nxd7 31. Bxb7 Be6 32. Rf3 Nc5 33. Bc6 Rc8
34. Bd5 Bxd5 35. cxd5 Rd8 36. Kf1 Rxd5 37. Ke2 Ne6 38. Rc3 Rb5 39. Ke3 Rb2 40.
Nf3 Kf6 41. Nd2 Ra2 42. h3 Nd4 43. g4 Ke6 44. Ne4 Rh2 45. Nf2 Rg2 46. Rc7 Rg3+
47. Ke4 Rg2 48. Ke3 Rg3+ 49. Ke4 Nb5 50. Rc6+ Nd6+ 51. Rxd6+ Kxd6 52. Nd3 Rxh3
53. Nxe5 Ke6 54. Nf3 Rh1 55. a4 Ra1 56. Ng5+ Kf6 57. Nxh7+ Kg7 58. Ng5 Rxa4+
59. Kf5 Ra5+ 60. Kf4 Rxg5 61. Kxg5 a5 0-1

[Event "Gibraltar ChallWk2 13th"]
[Site "Gibraltar"]
[Date "2015.02.01"]
[Round "2.6"]
[White "Scharrer, Patrick"]
[Black "Ungureanu, Sandu"]
[Result "1-0"]
[WhiteElo "2231"]
[BlackElo "2040"]
[PlyCount "57"]
[EventDate "2015.01.31"]
[EventType "swiss"]
[EventRounds "5"]
[EventCountry "GGB"]
[SourceTitle "BritBase"]
[Source "www.saund.co.uk"]
[SourceDate "2018.02.10"]
[SourceVersion "1"]
[SourceVersionDate "2018.02.10"]
[SourceQuality "1"]
[TimeControl "7200+1015"]
[WhiteClock "0:15:27"]
[BlackClock "1:02:01"]

1. e4 c5 2. Nf3 d6 3. d4 cxd4 4. Nxd4 Nf6 5. Nc3 g6 6. f3 Bg7 7. Be3 Nc6 8. Qd2
Bd7 9. g4 Rc8 10. O-O-O a6 11. Kb1 Ne5 12. h4 h6 13. Bd3 Nxd3 14. cxd3 b5 15.
g5 hxg5 16. hxg5 Rxh1 17. Rxh1 Nh5 18. f4 Qa5 19. f5 Be5 20. Nde2 Bxc3 21. Nxc3
Bc6 22. fxg6 fxg6 23. Rf1 b4 24. Ne2 Qb5 25. Nd4 Qb7 26. Qf2 Bxe4 27. dxe4
Qxe4+ 28. Ka1 Rc4 29. Qf7+ 1-0

[Event "Gibraltar ChallWk2 13th"]
[Site "Gibraltar"]
[Date "2015.02.01"]
[Round "2.7"]
[White "Byrn, Carsten"]
[Black "Hoffmann, Hendrik"]
[Result "1/2-1/2"]
[WhiteElo "2044"]
[BlackElo "2206"]
[PlyCount "82"]
[EventDate "2015.01.31"]
[EventType "swiss"]
[EventRounds "5"]
[EventCountry "GGB"]
[SourceTitle "BritBase"]
[Source "www.saund.co.uk"]
[SourceDate "2018.02.10"]
[SourceVersion "1"]
[SourceVersionDate "2018.02.10"]
[SourceQuality "1"]
[TimeControl "7200+12115"]
[WhiteClock "1:09:12"]
[BlackClock "0:28:10"]

1. d4 d5 2. c4 dxc4 3. e3 e5 4. Bxc4 exd4 5. Qb3 Qe7 6. a3 Nc6 7. Ne2 d3 8. Ng3
Ne5 9. Bxd3 Nxd3+ 10. Qxd3 Qd6 11. Qxd6 Bxd6 12. Bd2 Nf6 13. Bc3 Be7 14. Nd2
Be6 15. Nf3 O-O 16. O-O Nd5 17. Nd4 Nxc3 18. Nxe6 fxe6 19. bxc3 Rfd8 20. Ne4
Rd3 21. a4 Rad8 22. Rfc1 b6 23. Kf1 R3d5 24. Ke2 Ra5 25. c4 c6 26. Ra2 Rd7 27.
Rd1 Rxd1 28. Kxd1 b5 29. cxb5 cxb5 30. Nc3 b4 31. Nb5 a6 32. Nd4 Bf6 33. Nb3
Rh5 34. h3 Rg5 35. g3 Bc3 36. Ke2 Rd5 37. Rc2 Kf7 38. Rc1 Ke7 39. Rd1 Rxd1 40.
Kxd1 Kd6 41. Ke2 Kd5 1/2-1/2

[Event "Gibraltar ChallWk2 13th"]
[Site "Gibraltar"]
[Date "2015.02.01"]
[Round "2.8"]
[White "Janev, Pavel"]
[Black "Van Dongen, Edwin"]
[Result "1-0"]
[WhiteElo "2196"]
[BlackElo "2036"]
[PlyCount "105"]
[EventDate "2015.01.31"]
[EventType "swiss"]
[EventRounds "5"]
[EventCountry "GGB"]
[SourceTitle "BritBase"]
[Source "www.saund.co.uk"]
[SourceDate "2018.02.10"]
[SourceVersion "1"]
[SourceVersionDate "2018.02.10"]
[SourceQuality "1"]
[TimeControl "6600+960"]
[WhiteClock "0:01:46"]
[BlackClock "0:00:21"]

1. e4 d5 2. exd5 Qxd5 3. Nc3 Qa5 4. d4 Nf6 5. Nf3 c6 6. Bc4 Bf5 7. Bd2 Qd8 8.
Qe2 e6 9. O-O-O Bd6 10. d5 cxd5 11. Nxd5 Nxd5 12. Bxd5 Qc7 13. Nd4 O-O 14. Nxf5
exf5 15. Qf3 Nc6 16. Bc3 Be5 17. Bxe5 Qxe5 18. c3 Rac8 19. Rhe1 Qf6 20. Kb1
Rfe8 21. Rxe8+ Rxe8 22. Bb3 g6 23. Qf4 Kg7 24. a3 Qe7 25. Ka2 h6 26. Bc4 Kh7
27. Qd6 Qxd6 28. Rxd6 Ne5 29. Bd5 Re7 30. h3 Kg7 31. b4 Rc7 32. Kb3 Kf8 33. f4
Nd7 34. Bf3 Ke7 35. Rd4 Nf6 36. c4 g5 37. c5 Ke6 38. Rd8 g4 39. Be2 Nh5 40.
hxg4 Nxf4 41. gxf5+ Ke7 42. Rd2 Nxg2 43. Bf3 Nf4 44. Rd6 f6 45. Kc4 Nh3 46.
Re6+ Kf7 47. b5 Nf4 48. Re4 Nh3 49. Rd4 Ke7 50. a4 Ng5 51. Bd5 Kf8 52. a5 h5
53. b6 1-0

[Event "Gibraltar ChallWk2 13th"]
[Site "Gibraltar"]
[Date "2015.02.01"]
[Round "2.9"]
[White "Schouten, Freek"]
[Black "Dolzhikova, Olga"]
[Result "1/2-1/2"]
[WhiteElo "2039"]
[BlackElo "2194"]
[PlyCount "22"]
[EventDate "2015.01.31"]
[EventType "swiss"]
[EventRounds "5"]
[EventCountry "GGB"]
[SourceTitle "BritBase"]
[Source "www.saund.co.uk"]
[SourceDate "2018.02.10"]
[SourceVersion "1"]
[SourceVersionDate "2018.02.10"]
[SourceQuality "1"]
[TimeControl "7200+80"]
[WhiteClock "1:48:54"]
[BlackClock "1:45:43"]

1. d4 Nf6 2. c4 e6 3. g3 d5 4. Bg2 Be7 5. Nf3 O-O 6. O-O dxc4 7. Qc2 a6 8. Qxc4
b5 9. Qc2 Bb7 10. Bd2 Be4 11. Qc1 Bb7 1/2-1/2

[Event "Gibraltar ChallWk2 13th"]
[Site "Gibraltar"]
[Date "2015.02.01"]
[Round "2.10"]
[White "Alarcon Olmos, Daniel"]
[Black "Pena Riasco, Alexander"]
[Result "1-0"]
[WhiteElo "2031"]
[BlackElo "2181"]
[PlyCount "117"]
[EventDate "2015.01.31"]
[EventType "swiss"]
[EventRounds "5"]
[EventCountry "GGB"]
[SourceTitle "BritBase"]
[Source "www.saund.co.uk"]
[SourceDate "2018.02.10"]
[SourceVersion "1"]
[SourceVersionDate "2018.02.10"]
[SourceQuality "1"]
[TimeControl "7200+1230"]
[WhiteClock "0:03:59"]
[BlackClock "0:03:16"]

1. Nf3 d5 2. d4 Nf6 3. e3 Bf5 4. Be2 e6 5. O-O Nbd7 6. b3 Be7 7. h3 h6 8. c4 c6
9. Nc3 O-O 10. Ne5 Nxe5 11. dxe5 Nd7 12. f4 f6 13. cxd5 cxd5 14. Nxd5 Nb6 15.
Nxe7+ Qxe7 16. Bb2 fxe5 17. Bxe5 Rfd8 18. Bd4 Nd5 19. Qd2 Nf6 20. Bf3 Ne4 21.
Qb2 Rac8 22. Rac1 b6 23. a3 Nc5 24. Bxc5 Rxc5 25. e4 Bg6 26. b4 Rc7 27. Qe5
Rcd7 28. Rc6 Bf7 29. Rfc1 Qh4 30. f5 exf5 31. Qxf5 Rd2 32. Rc7 Bb3 33. Rxg7+
Kxg7 34. Rc7+ R8d7 35. Rxd7+ Rxd7 36. Qxd7+ Bf7 37. Qxa7 Qd8 38. Qa4 Qd4+ 39.
Kh1 Qe3 40. Qd1 b5 41. Qa1+ Kg6 42. Qe5 Bc4 43. Qd6+ Kg7 44. Kh2 Qxa3 45. e5
Qe3 46. Qf6+ Kg8 47. Bg4 Qd2 48. e6 Qd6+ 49. Kh1 Qxb4 50. Qg6+ Kh8 51. Qxh6+
Kg8 52. Qg6+ Kh8 53. Qf6+ Kg8 54. e7 Qe1+ 55. Kh2 Bf7 56. Qg5+ Kh8 57. Qh6+ Kg8
58. Qf8+ Kh7 59. Qxf7+ 1-0

[Event "Gibraltar ChallWk2 13th"]
[Site "Gibraltar"]
[Date "2015.02.01"]
[Round "2.11"]
[White "Agrest, Inna"]
[Black "Nwoye, Nnamdi"]
[Result "1-0"]
[WhiteElo "2179"]
[BlackElo "2015"]
[PlyCount "78"]
[EventDate "2015.01.31"]
[EventType "swiss"]
[EventRounds "5"]
[EventCountry "GGB"]
[SourceTitle "BritBase"]
[Source "www.saund.co.uk"]
[SourceDate "2018.02.10"]
[SourceVersion "1"]
[SourceVersionDate "2018.02.10"]
[SourceQuality "1"]
[TimeControl "7200+1645"]
[WhiteClock "0:03:30"]
[BlackClock "0:01:09"]

1. e4 c5 2. Nf3 Nc6 3. Bb5 g6 4. O-O Bg7 5. Bxc6 bxc6 6. d4 cxd4 7. Nxd4 Nf6 8.
Re1 O-O 9. e5 Nd5 10. c4 Nc7 11. Nc3 Ba6 12. b3 c5 13. Nf3 Bb7 14. Bb2 f6 15.
Nd5 Bxd5 16. cxd5 d6 17. e6 Rb8 18. Rc1 Rb6 19. Qd3 Qa8 20. Red1 Qb7 21. Rc4
Ra6 22. a3 Rb6 23. b4 a5 24. Nh4 Qa6 25. Qc2 axb4 26. axb4 Rfb8 27. Ra1 Qxc4
28. Qxc4 Rxb4 29. Qd3 Rxh4 30. g3 Rhb4 31. Bc1 f5 32. Ra7 c4 33. Qd1 R8b7 34.
Rxb7 Rxb7 35. Qa4 c3 36. Bg5 Kf8 37. Qd7 Nxe6 38. Bxe7+ Kg8 39. Qxe6+ Kh8 1-0

[Event "Gibraltar ChallWk2 13th"]
[Site "Gibraltar"]
[Date "2015.02.01"]
[Round "2.12"]
[White "Michalowski, Peter"]
[Black "Gonzalez Gonzalez, Alfonso"]
[Result "1-0"]
[WhiteElo "2024"]
[BlackElo "2160"]
[PlyCount "77"]
[EventDate "2015.01.31"]
[EventType "swiss"]
[EventRounds "5"]
[EventCountry "GGB"]
[SourceTitle "BritBase"]
[Source "www.saund.co.uk"]
[SourceDate "2018.02.10"]
[SourceVersion "1"]
[SourceVersionDate "2018.02.10"]
[SourceQuality "1"]
[TimeControl "7200+1290"]
[WhiteClock "0:01:15"]
[BlackClock "0:12:28"]

1. e4 e5 2. Nf3 Nc6 3. d4 exd4 4. Nxd4 Nf6 5. Nc3 Bb4 6. Nxc6 bxc6 7. Bd3 Bb7
8. O-O Qe7 9. e5 Nd5 10. Nxd5 cxd5 11. c3 Bc5 12. Qg4 O-O-O 13. Re1 Rde8 14.
Qe2 Qe6 15. Be3 Bb6 16. Bxb6 axb6 17. a4 c5 18. Ba6 c4 19. Bxb7+ Kxb7 20. a5
Ra8 21. axb6 Rxa1 22. Rxa1 Ra8 23. Rxa8 Kxa8 24. Qd1 Kb8 25. Qa4 Qxb6 26. Qxd7
Qg6 27. h3 Qe4 28. Qe8+ Kc7 29. Qxf7+ Kc6 30. e6 Qe1+ 31. Kh2 Kd6 32. Qd7+ Kc5
33. Qc7+ Kb5 34. e7 Ka4 35. Qd7+ Kb3 36. e8=Q Qxf2 37. Qb5+ Kc2 38. Qe5 Kb1 39.
Qbxd5 1-0

[Event "Gibraltar ChallWk2 13th"]
[Site "Gibraltar"]
[Date "2015.02.01"]
[Round "2.13"]
[White "Guerra Rivera, Salvador"]
[Black "Gomez Calle, Jose Antonio"]
[Result "1-0"]
[WhiteElo "1983"]
[BlackElo "2150"]
[PlyCount "65"]
[EventDate "2015.01.31"]
[EventType "swiss"]
[EventRounds "5"]
[EventCountry "GGB"]
[SourceTitle "BritBase"]
[Source "www.saund.co.uk"]
[SourceDate "2018.02.10"]
[SourceVersion "1"]
[SourceVersionDate "2018.02.10"]
[SourceQuality "1"]
[TimeControl "7200+1560"]
[WhiteClock "0:38:25"]
[BlackClock "0:00:12"]

1. e4 c5 2. Nf3 e6 3. d4 cxd4 4. Nxd4 a6 5. c4 Nf6 6. Nc3 Qc7 7. a3 d6 8. Be3
Be7 9. Be2 b6 10. O-O Bb7 11. f3 O-O 12. Rc1 Nbd7 13. b4 Rac8 14. Qd2 Qb8 15.
Rc2 Bd8 16. Kh1 Bc7 17. Bg1 Rfd8 18. Rb1 Nf8 19. Na4 Ng6 20. b5 a5 21. Nc6 Bxc6
22. bxc6 d5 23. exd5 exd5 24. Nxb6 dxc4 25. Qe1 Re8 26. Nxc8 Qxc8 27. Qc3 Qf5
28. Bxc4 Nf4 29. Rb7 N6d5 30. Qb3 h6 31. Rd2 Re1 32. Rd1 Rxd1 33. Qxd1 1-0

[Event "Gibraltar ChallWk2 13th"]
[Site "Gibraltar"]
[Date "2015.02.01"]
[Round "2.14"]
[White "Romero Valencia, Fernando"]
[Black "Recklingloh, Frank"]
[Result "1-0"]
[WhiteElo "1954"]
[BlackElo "2133"]
[PlyCount "47"]
[EventDate "2015.01.31"]
[EventType "swiss"]
[EventRounds "5"]
[EventCountry "GGB"]
[SourceTitle "BritBase"]
[Source "www.saund.co.uk"]
[SourceDate "2018.02.10"]
[SourceVersion "1"]
[SourceVersionDate "2018.02.10"]
[SourceQuality "1"]
[TimeControl "7200+1110"]
[WhiteClock "0:32:16"]
[BlackClock "0:02:55"]

1. d4 Nf6 2. Nc3 d5 3. Bg5 Nbd7 4. Qd3 c5 5. dxc5 Nxc5 6. Qb5+ Ncd7 7. Bxf6
gxf6 8. Qxd5 e6 9. Qe4 Nc5 10. Qh4 Be7 11. e3 a6 12. Qd4 Qb6 13. O-O-O Qc6 14.
Nf3 Rg8 15. Qh4 Rg7 16. Nd4 Qc7 17. Qh6 Kf8 18. g3 f5 19. Bg2 Kg8 20. Nxf5 exf5
21. Nd5 Qe5 22. Nb6 Qc7 23. Rd5 Be6 24. Qf4 1-0

[Event "Gibraltar ChallWk2 13th"]
[Site "Gibraltar"]
[Date "2015.02.01"]
[Round "2.15"]
[White "Gonzalez Capacete, Jose Miguel"]
[Black "Wiedersich, Jens"]
[Result "1/2-1/2"]
[WhiteElo "1920"]
[BlackElo "2125"]
[PlyCount "37"]
[EventDate "2015.01.31"]
[EventType "swiss"]
[EventRounds "5"]
[EventCountry "GGB"]
[SourceTitle "BritBase"]
[Source "www.saund.co.uk"]
[SourceDate "2018.02.10"]
[SourceVersion "1"]
[SourceVersionDate "2018.02.10"]
[SourceQuality "1"]
[TimeControl "7200+1820"]
[WhiteClock "0:31:53"]
[BlackClock "1:10:18"]

1. e4 c5 2. Nf3 d6 3. d4 cxd4 4. Nxd4 Nf6 5. Nc3 a6 6. Bc4 e6 7. O-O b5 8. Bb3
Bb7 9. Bxe6 fxe6 10. Nxe6 Qd7 11. Nd5 Bxd5 12. exd5 h6 13. Qd3 Kf7 14. Nf4 Qb7
15. Re1 Nbd7 16. Qf5 Kg8 17. Qe6+ Kh7 18. Qf5+ Kg8 19. Qe6+ 1/2-1/2

[Event "Gibraltar ChallWk2 13th"]
[Site "Gibraltar"]
[Date "2015.02.01"]
[Round "2.16"]
[White "Rodriguez Alvarez, Vidal"]
[Black "Berrocal Ruiz, Valentin"]
[Result "0-1"]
[WhiteElo "2122"]
[BlackElo "1986"]
[PlyCount "81"]
[EventDate "2015.01.31"]
[EventType "swiss"]
[EventRounds "5"]
[EventCountry "GGB"]
[SourceTitle "BritBase"]
[Source "www.saund.co.uk"]
[SourceDate "2018.02.10"]
[SourceVersion "1"]
[SourceVersionDate "2018.02.10"]
[SourceQuality "1"]
[TimeControl "7200+720"]
[WhiteClock "0:47:41"]
[BlackClock "0:07:01"]

1. d4 Nf6 2. c4 g6 3. Nc3 Bg7 4. e4 d6 5. Nf3 O-O 6. Be2 Bg4 7. Be3 Nfd7 8. O-O
c5 9. d5 Na6 10. Qd2 Re8 11. h3 Bxf3 12. Bxf3 Nc7 13. Be2 Rb8 14. f4 a6 15. a4
e6 16. Kh1 exd5 17. exd5 Qe7 18. Rf3 f5 19. Bd3 Nf6 20. Bf2 Qd7 21. Re3 Rxe3
22. Bxe3 Nh5 23. Kh2 Re8 24. Bf2 Nxf4 25. Bf1 Nh5 26. Ra3 Be5+ 27. Kg1 Re7 28.
a5 Ne8 29. Na4 Nef6 30. Nb6 Qe8 31. Bd3 Ng3 32. Qc2 f4 33. Ra1 Bd4 34. Kh2 Ne2
35. Rf1 Nh5 36. Bxd4 Nxd4 37. Qd2 Re3 38. b4 f3 39. bxc5 Qe5+ 40. Kg1 Ne2+ 41.
Kf2 0-1

[Event "Gibraltar ChallWk2 13th"]
[Site "Gibraltar"]
[Date "2015.02.01"]
[Round "2.17"]
[White "Machlik, Edit"]
[Black "Amgalanbaatar, Ravdanlkhumbuu"]
[Result "1-0"]
[WhiteElo "1914"]
[BlackElo "2117"]
[PlyCount "175"]
[EventDate "2015.01.31"]
[EventType "swiss"]
[EventRounds "5"]
[EventCountry "GGB"]
[SourceTitle "BritBase"]
[Source "www.saund.co.uk"]
[SourceDate "2018.02.10"]
[SourceVersion "1"]
[SourceVersionDate "2018.02.10"]
[SourceQuality "1"]
[TimeControl "7200+1120"]
[WhiteClock "0:01:11"]
[BlackClock "0:46:07"]

1. d4 d6 2. c4 e5 3. Nf3 e4 4. Ng5 f5 5. Nc3 Be7 6. Nh3 Be6 7. d5 Bf7 8. g3 Nd7
9. Bg2 Bf6 10. Nb5 Nb6 11. Nd4 Qd7 12. b3 c5 13. dxc6 bxc6 14. Rb1 c5 15. Nb5
d5 16. Bf4 Rd8 17. Bc7 Ra8 18. Bf4 Rd8 19. Bc7 Ra8 20. Bf4 Kf8 21. Rc1 d4 22.
O-O a6 23. Na3 h6 24. Bd2 Be7 25. e3 Nf6 26. Nf4 g5 27. Ne2 Kg7 28. f3 Bg6 29.
Nb1 Rhe8 30. Ba5 Qa7 31. exd4 cxd4 32. Qxd4 Nbd7 33. Qxa7 Rxa7 34. Kh1 Rb7 35.
Nbc3 Nc5 36. Rcd1 Bf8 37. Nd4 Rd7 38. Bh3 exf3 39. Nxf5+ Bxf5 40. Bxf5 Rxd1 41.
Rxd1 Re5 42. g4 h5 43. h3 Re3 44. Nd5 Nxd5 45. cxd5 Bd6 46. Bd2 Re2 47. Bxg5 f2
48. Rf1 Bg3 49. gxh5 Re5 50. h6+ Kf7 51. h7 Re8 52. Kg2 Be5 53. Rxf2 Kg7 54. h4
Nb7 55. h5 Nd6 56. h6+ Kh8 57. Be6 Kxh7 58. Kh3 Rb8 59. Bf5+ Kh8 60. Bd3 Rc8
61. Bxa6 Rc3+ 62. Kg4 Rg3+ 63. Kh5 Kh7 64. Bh4 Rh3 65. Kg4 Re3 66. Kh5 Rh3 67.
Kg4 Re3 68. Rd2 Nf7 69. Bd3+ Kxh6 70. Bf2 Rxd3 71. Rxd3 Bd6 72. Rh3+ Kg6 73.
Rc3 Ne5+ 74. Kh3 Bb4 75. Rc8 Kf5 76. Bd4 Ng6 77. Bc5 Nf4+ 78. Kg3 Be1+ 79. Kf3
Nxd5 80. Rf8+ Kg6 81. a4 Kg7 82. Rd8 Nf6 83. Bd4 Kf7 84. Bxf6 Kxf6 85. Ke4 Ke7
86. Rd1 Ba5 87. Rd5 Bc3 88. Kd3 1-0

[Event "Gibraltar ChallWk2 13th"]
[Site "Gibraltar"]
[Date "2015.02.01"]
[Round "2.18"]
[White "Osuna Vega, Enrique"]
[Black "Boyer Censore, Giuseppe Enmanu"]
[Result "0-1"]
[WhiteElo "2108"]
[BlackElo "1960"]
[PlyCount "150"]
[EventDate "2015.01.31"]
[EventType "swiss"]
[EventRounds "5"]
[EventCountry "GGB"]
[SourceTitle "BritBase"]
[Source "www.saund.co.uk"]
[SourceDate "2018.02.10"]
[SourceVersion "1"]
[SourceVersionDate "2018.02.10"]
[SourceQuality "1"]

1. d4 e6 2. Nf3 c5 3. g3 Nf6 4. Bg2 cxd4 5. O-O Be7 6. Nxd4 a6 7. e4 Qc7 8. Nc3
d6 9. Re1 O-O 10. f4 Nfd7 11. Kh1 Nc6 12. Nb3 Re8 13. Be3 b5 14. a3 Bb7 15. Qd2
Nb6 16. Bxb6 Qxb6 17. Ne2 Rac8 18. c3 Red8 19. Ned4 Ne5 20. fxe5 dxe5 21. Qf2
exd4 22. cxd4 a5 23. Rad1 Bc6 24. Rf1 Be8 25. Nc5 e5 26. b4 axb4 27. axb4 Rxd4
28. Rxd4 exd4 29. Rc1 Bxc5 30. Qc2 d3 31. Qxd3 Rd8 32. bxc5 Qxc5 33. Rxc5 Rxd3
34. Bf1 Rd1 35. Kg2 Rb1 36. Bd3 Rb3 37. Bc2 Rb2 38. Kf3 Kf8 39. Rc7 Bd7 40.
Rxd7 Rxc2 41. Rb7 Rb2 42. h4 h5 43. e5 Rb4 44. Ke3 Rg4 45. Kf3 b4 46. Ra7 Kg8
47. Rb7 Rc4 48. Ke3 Rc3+ 49. Kf4 b3 50. Rb4 Kh7 51. g4 hxg4 52. Kxg4 Kh6 53.
Rb6+ g6 54. Rb7 Rc4+ 55. Kg3 Re4 56. Rxf7 Rb4 57. Rf1 b2 58. Rb1 Kg7 59. Kf3
Kf7 60. Ke3 Ke6 61. Kd3 Kxe5 62. Kc2 Rxh4 63. Re1+ Re4 64. Rg1 Rb4 65. Kb1 Kf6
66. Rf1+ Kg7 67. Rg1 Rb5 68. Rg2 g5 69. Rg1 Kg6 70. Rg2 Rb4 71. Rc2 g4 72. Rc8
Kg5 73. Rg8+ Kh4 74. Rh8+ Kg3 75. Rd8 Rb3 0-1

[Event "Gibraltar ChallWk2 13th"]
[Site "Gibraltar"]
[Date "2015.02.01"]
[Round "2.19"]
[White "Maloberti, David"]
[Black "Probst, Alexander"]
[Result "1-0"]
[WhiteElo "2108"]
[BlackElo "1948"]
[PlyCount "87"]
[EventDate "2015.01.31"]
[EventType "swiss"]
[EventRounds "5"]
[EventCountry "GGB"]
[SourceTitle "BritBase"]
[Source "www.saund.co.uk"]
[SourceDate "2018.02.10"]
[SourceVersion "1"]
[SourceVersionDate "2018.02.10"]
[SourceQuality "1"]

1. d4 Nf6 2. c4 g6 3. Nc3 d5 4. cxd5 Nxd5 5. e4 Nxc3 6. bxc3 Bg7 7. Bc4 c5 8.
Be3 Nc6 9. Ne2 O-O 10. O-O cxd4 11. cxd4 Na5 12. Bd3 Bg4 13. Qd2 Rc8 14. Rac1
b6 15. d5 Qd6 16. Ba6 Rxc1 17. Rxc1 Rd8 18. Nd4 Bd7 19. f3 Rb8 20. Nc6 Nxc6 21.
dxc6 Qxd2 22. Bxd2 Bd4+ 23. Kf1 Bc8 24. Bf4 e5 25. c7 Ra8 26. Bc4 a5 27. Bh6
Ra7 28. Bb5 f5 29. Bc4+ Kh8 30. Be6 Ra8 31. Rc6 Bc5 32. Bd5 Ra7 33. a4 Bb4 34.
Kg1 Bc5+ 35. Kh1 Bb4 36. g3 fxe4 37. fxe4 Bc5 38. Kg2 Bb4 39. Kg1 Bc5+ 40. Kh1
Bb4 41. Rxb6 Rxc7 42. Rb8 Bd6 43. Ra8 g5 44. Be6 1-0

[Event "Gibraltar ChallWk2 13th"]
[Site "Gibraltar"]
[Date "2015.02.01"]
[Round "2.20"]
[White "Balogun, Oluwafemi"]
[Black "Gorodnichev, Alexey"]
[Result "1-0"]
[WhiteElo "2193"]
[BlackElo "1951"]
[PlyCount "111"]
[EventDate "2015.01.31"]
[EventType "swiss"]
[EventRounds "5"]
[EventCountry "GGB"]
[SourceTitle "BritBase"]
[Source "www.saund.co.uk"]
[SourceDate "2018.02.10"]
[SourceVersion "1"]
[SourceVersionDate "2018.02.10"]
[SourceQuality "1"]

1. Nf3 d5 2. g3 c6 3. Bg2 Nf6 4. O-O e6 5. d3 Be7 6. Nbd2 Nbd7 7. e4 dxe4 8.
dxe4 e5 9. Nh4 g6 10. a4 a5 11. Nc4 O-O 12. Bh6 Re8 13. Nd6 Bxd6 14. Qxd6 Ng4
15. Bc1 Nf8 16. Qa3 Qb6 17. h3 Nf6 18. Qf3 c5 19. b3 Nh5 20. Nf5 f6 21. Ne3 Be6
22. Nd5 Bxd5 23. exd5 Qd6 24. Qd3 Nd7 25. Re1 Ng7 26. Qb5 Ra7 27. Bd2 b6 28.
Rad1 Rc7 29. h4 Nf5 30. c3 Ne7 31. Bc1 Kf7 32. Qc4 Nf5 33. Qg4 Nf8 34. h5 Qe7
35. f4 Nd7 36. hxg6+ hxg6 37. Be4 Rg8 38. Bxf5 gxf5 39. Qxf5 Rcc8 40. Kf2 Qd6
41. Rh1 Rg7 42. fxe5 Nxe5 43. Qxc8 Ng4+ 44. Kf1 Qxg3 45. Qe6+ Kg6 46. Qxg4+
Qxg4 47. Rg1 Kf5 48. Rxg4 Kxg4 49. d6 Rd7 50. Rd5 f5 51. Kf2 f4 52. c4 Rh7 53.
d7 Rh2+ 54. Kg1 Re2 55. d8=Q Kg3 56. Qg5+ 1-0

[Event "Gibraltar ChallWk2 13th"]
[Site "Gibraltar"]
[Date "2015.02.01"]
[Round "2.21"]
[White "Varga, Klara"]
[Black "Bengtsson, Jessica"]
[Result "1-0"]
[WhiteElo "2145"]
[BlackElo "1971"]
[PlyCount "123"]
[EventDate "2015.01.31"]
[EventType "swiss"]
[EventRounds "5"]
[EventCountry "GGB"]
[SourceTitle "BritBase"]
[Source "www.saund.co.uk"]
[SourceDate "2018.02.10"]
[SourceVersion "1"]
[SourceVersionDate "2018.02.10"]
[SourceQuality "1"]

1. c4 e6 2. g3 d5 3. Bg2 Nf6 4. Nf3 Be7 5. O-O O-O 6. b3 c5 7. Bb2 d4 8. b4 a5
9. bxc5 Nc6 10. d3 e5 11. Ba3 Nd7 12. Nbd2 Nxc5 13. Bxc5 Bxc5 14. Rb1 Qe7 15.
Ne1 f5 16. Nc2 Nb4 17. Nxb4 Bxb4 18. Qc2 Ra7 19. Kh1 b6 20. c5 bxc5 21. Nc4 Bb7
22. a3 Bxg2+ 23. Kxg2 Bc3 24. Nb6 Qb7+ 25. Kg1 Qc6 26. Na4 e4 27. Nxc3 dxc3 28.
Qxc3 c4 29. dxc4 f4 30. c5 f3 31. exf3 exf3 32. h4 a4 33. Rb6 Qd5 34. Rd6 Qb3
35. Rd3 Qf7 36. c6 Rc7 37. Rc1 h6 38. Qc4 Qxc4 39. Rxc4 Rf6 40. Rdc3 h5 41. Kh2
Kf7 42. Rxa4 Ke7 43. Rac4 Kd6 44. a4 Rf5 45. g4 hxg4 46. Kg3 Rf6 47. a5 Rf5 48.
Rd3+ Ke6 49. Ra3 Kd5 50. Rc1 Kd6 51. a6 Rf8 52. Kxg4 Rxc6 53. Rxc6+ Kxc6 54. a7
Ra8 55. Kxf3 Kd6 56. Kf4 Ke6 57. Kg5 Kf7 58. Ra6 Ke7 59. Kg6 Kf8 60. Kh7 Kf7
61. Rg6 Rg8 62. f4 1-0

[Event "Gibraltar ChallWk2 13th"]
[Site "Gibraltar"]
[Date "2015.02.01"]
[Round "2.22"]
[White "Grabow, Pouelsten Holm"]
[Black "Lawson, Dominic Ralph"]
[Result "1/2-1/2"]
[WhiteElo "2134"]
[BlackElo "1951"]
[PlyCount "45"]
[EventDate "2015.01.31"]
[EventType "swiss"]
[EventRounds "5"]
[EventCountry "GGB"]
[SourceTitle "BritBase"]
[Source "www.saund.co.uk"]
[SourceDate "2018.02.10"]
[SourceVersion "1"]
[SourceVersionDate "2018.02.10"]
[SourceQuality "1"]

1. c4 b6 2. Nc3 Bb7 3. d4 e6 4. e3 g6 5. Nf3 Bg7 6. Be2 Nf6 7. O-O O-O 8. b3 c5
9. Bb2 cxd4 10. Nxd4 d5 11. Bf3 e5 12. Nc2 e4 13. Be2 dxc4 14. Bxc4 a6 15. a4
Nc6 16. Qe2 Ne5 17. Rfd1 Qc7 18. Ba3 Rfd8 19. Rxd8+ Rxd8 20. Rd1 h5 21. Rxd8+
Qxd8 22. Nd4 Qc7 23. h3 1/2-1/2

[Event "Gibraltar ChallWk2 13th"]
[Site "Gibraltar"]
[Date "2015.02.01"]
[Round "2.23"]
[White "Broekman, Willem"]
[Black "Verneuil, Pascal"]
[Result "0-1"]
[WhiteElo "2025"]
[BlackElo "2093"]
[PlyCount "76"]
[EventDate "2015.01.31"]
[EventType "swiss"]
[EventRounds "5"]
[EventCountry "GGB"]
[SourceTitle "BritBase"]
[Source "www.saund.co.uk"]
[SourceDate "2018.02.10"]
[SourceVersion "1"]
[SourceVersionDate "2018.02.10"]
[SourceQuality "1"]

1. d4 Nf6 2. c4 c5 3. d5 e6 4. Nc3 exd5 5. cxd5 d6 6. Nf3 g6 7. g3 Bg7 8. Bg2
Bg4 9. Nd2 a6 10. a4 O-O 11. h3 Bc8 12. O-O Nbd7 13. Nc4 Nb6 14. Na3 Bd7 15.
Bf4 Qc7 16. Re1 Nh5 17. Bd2 Bxc3 18. Bxc3 Nxa4 19. Qc2 Nxc3 20. bxc3 b5 21. e4
Rab8 22. Nb1 a5 23. Nd2 a4 24. Kh2 Rbe8 25. Qc1 Ng7 26. g4 h6 27. Nf3 Kh7 28.
Qd2 Re7 29. Qd3 Qb8 30. Kh1 Rfe8 31. Nh4 b4 32. f4 b3 33. e5 b2 34. Ra3 c4 35.
Qd1 dxe5 36. d6 Re6 37. fxe5 Rxe5 38. Rf1 Re1 0-1